[Event "Siracusa op"]
[Site "Siracusa"]
[Date "2006.09.29"]
[Round "8"]
[White "Bramanti, Vincenzo"]
[Black "Minniti, Elenamaria"]
[Result "1-0"]
[WhiteElo "1425"]
[BlackElo "1455"]
[PlyCount "73"]
[EventDate "2006.09.23"]
[EventType "swiss"]
[EventRounds "9"]
[EventCountry "ITA"]
[SourceTitle "EXT 2011"]
[Source "ChessBase"]
[SourceDate "2010.11.26"]
[SourceVersion "1"]
[SourceVersionDate "2010.11.26"]
[SourceQuality "1"]

1. d4 d5 2. c4 Nf6 3. cxd5 Nxd5 4. e4 Nf6 5. Nc3 Nc6 6. Be3 e5 7. d5 Nb4 8. Qa4+ Bd7 9. Qb3 b6 10. a3 Na6 11. Bxa6 Rb8 12. Bd3 Bc5 13. Bxc5 bxc5 14. Qc2 0-0 15. f3 c6 16. Bc4 cxd5 17. Nxd5 Nxd5 18. Bxd5 Bb5 19. Qc3 Qd6 20. Rd1 Qe7 21. g3 Ba4 22. b3 Bb5 23. a4 Ba6 24. Nh3 Rfd8 25. Nf2 Bb7 26. Bc4 Rxd1+ 27. Nxd1 Qg5 28. 0-0 Rd8 29. Ne3 g6 30. Rd1 Rxd1+ 31. Nxd1 Bc8 32. Kg2 Qh5 33. Nf2 Kg7 34. Qa5 f5 35. Qc7+ Kf6 36. Qf7+ Kg5 37. h4+ 1-0

[Event "Siracusa op"]
[Site "Siracusa"]
[Date "2006.09.26"]
[Round "5"]
[White "Parla, Aldo"]
[Black "Bramanti, Vincenzo"]
[Result "1-0"]
[WhiteElo "1571"]
[BlackElo "1425"]
[PlyCount "73"]
[EventDate "2006.09.23"]
[EventType "swiss"]
[EventRounds "9"]
[EventCountry "ITA"]
[SourceTitle "EXT 2011"]
[Source "ChessBase"]
[SourceDate "2010.11.26"]
[SourceVersion "1"]
[SourceVersionDate "2010.11.26"]
[SourceQuality "1"]

1. c4 Nf6 2. Nc3 c6 3. e4 d6 4. Nf3 Qc7 5. Be2 g6 6. 0-0 Bg7 7. d3 0-0 8. Bf4 e5 9. Bg5 Nbd7 10. d4 h6 11. Bh4 Nh5 12. dxe5 Nxe5 13. Nxe5 Nf4 14. Nf3 Be6 15. Bg3 g5 16. Bxf4 gxf4 17. Nd4 Qa5 18. Nxe6 fxe6 19. Qxd6 Rad8 20. Qxe6+ Kh8 21. Rad1 Rde8 22. Qg6 Rg8 23. Bd3 Qg5 24. Qxg5 hxg5 25. f3 Bd4+ 26. Kh1 Re6 27. Ne2 Be3 28. Bc2 Rh6 29. Nd4 Rgg6 30. h3 g4 31. fxg4 Rxg4 32. Nf5 Rh5 33. Nxe3 fxe3 34. Rd8+ Kg7 35. Rd7+ Kg6 36. e5+ Kg5 37. Rg7+ 1-0

[Event "Siracusa op"]
[Site "Siracusa"]
[Date "2006.09.25"]
[Round "3"]
[White "Salvaggio, Salvatore"]
[Black "Bramanti, Vincenzo"]
[Result "1-0"]
[WhiteElo "1694"]
[BlackElo "1425"]
[PlyCount "67"]
[EventDate "2006.09.23"]
[EventType "swiss"]
[EventRounds "9"]
[EventCountry "ITA"]
[SourceTitle "EXT 2011"]
[Source "ChessBase"]
[SourceDate "2010.11.26"]
[SourceVersion "1"]
[SourceVersionDate "2010.11.26"]
[SourceQuality "1"]

1. d4 d5 2. c4 c6 3. Nf3 Nf6 4. Nc3 e6 5. Bg5 Be7 6. e3 h6 7. Bh4 Nbd7 8. Bd3 0-0 9. h3 b6 10. Qe2 Bb7 11. g4 Nh7 12. Bg3 Ng5 13. h4 Nxf3+ 14. Qxf3 g6 15. Qg2 Kg7 16. f4 Nf6 17. g5 Nh5 18. Be2 Nxg3 19. gxh6+ Kh7 20. Qxg3 Rg8 21. cxd5 cxd5 22. Bd3 f5 23. 0-0-0 Rc8 24. Kb1 Bc6 25. Qf3 Be8 26. Qh3 Bf7 27. Ne2 Qe8 28. Ng1 Bf6 29. Nf3 Rc7 30. Rc1 Rxc1+ 31. Rxc1 Kxh6 32. Ng5 Bxg5 33. hxg5+ Kg7 34. Qh6# 1-0